MARC

LEADER 00000nam0a2200000 4500
001 261314
005 20231101233544.0
035 |a (RuTPU)RU\TPU\book\284290 
090 |a 261314 
100 |a 20140522d1979 k y0rusy50 ca 
101 0 |a rus 
102 |a UA 
105 |a a z 001zy 
200 1 |a Спектрометрия нейтронов средних энергий  |f М. Б. Федоров  |g Академия наук Украинской ССР (АН УССР), Институт ядерных исследований (ИЯИ) 
210 |a Киев  |c Наукова думка  |d 1979 
215 |a 228 с.  |c ил. 
320 |a Библиогр.: с. 217-227. 
606 1 |a Спектрометрия ядерная  |2 stltpush  |3 (RuTPU)RU\TPU\subj\55772  |9 73739 
610 1 |a нейтроны 
610 1 |a ядра 
610 1 |a взаимодействие 
610 1 |a теория рассеяния 
610 1 |a экспериментальные методы 
610 1 |a спектрометры 
610 1 |a нейтронные исследования 
675 |a 539.121.6  |v 3 
700 1 |a Федоров  |b М. Б.  |g Михаил Борисович 
712 0 2 |a Академия наук Украинской ССР (АН УССР)  |b Институт ядерных исследований (ИЯИ)  |c (Киев)  |2 stltpush  |3 (RuTPU)RU\TPU\col\11795 
801 1 |a RU  |b 63413507  |c 20140522 
801 2 |a RU  |b 63413507  |c 20200710  |g RCR 
942 |c BK